応援歌がある人サドンデス - Statistics

General Stats
  • This quiz has been taken 152 times
  • The average score is 4 of 8
Answers on the Grid
Answers color-coded by a green-red scale on the quiz's grid according to % correct below.
武岡龍世
武藤敦貴
グリフィン
石伊雄太
野村大樹
笹川吉康
二俣翔一
茶谷健太
ブライト健太
三森大貴
熊谷敬宥
柳裕也
北山亘基
山﨑福也
今井達也
海野隆司
濱田太貴
モイネロ
 
Answer Stats
Answer % Correct
三森大貴
64%
海野隆司
58%
武岡龍世
50%
茶谷健太
50%
二俣翔一
48%
濱田太貴
47%
野村大樹
46%
山﨑福也
44%
No matching quizzes found
Score Distribution
Percent of People with Each Score
Percentile by Number Answered
Your Score History
You have not taken this quiz